000 01151nam a2200313 i 4500
001 8334
003 KOSZ 005
005 20200418132415.0
008 070620s1969 pl a f 000 0 pol
015 _aPB 1969/7368
040 _aWA N
_cKOSZ 005/RW
_dKOSZ 005/RW
041 1 _apol
_hrus
080 _a620.1
080 _a359.3/.6
100 1 _aPogodin-Alekseev, Georgij Ivanovič.
245 1 0 _aWytrzymałość dynamiczna i kruchość metali /
_cG. I. Pogodin-Aleksiejew ; tł. Wiktor Jędrzejewski.
246 1 _iTyt. oryg.:
_aDinamičeskaâ pročnost' i hrupkost' metallov.
260 _aWarszawa :
_bWydawnictwa Naukowo-Techniczne,
_c1969.
300 _a256, [3] s. :
_bil. ;
_c23 cm.
380 _aKsiążki
504 _aBibliogr. s. 255-[257].
650 4 _aNaprężenia i odkształcenia
650 4 _aWytrzymałość materiałów
650 4 _aMetaloznawstwo
710 2 _aWydawnictwa Naukowo-Techniczne
_4pbl.
700 1 _aJędrzejewski, Wiktor
_eTłumaczenie
856 _uhttp://koha.tu.koszalin.pl/cgi-bin/koha/opac-detail.pl?biblionumber=8334
_yKatalog online BPK
942 _2UKD
_cKS
999 _c8334
_d8334